000 00282 a2200145 4500
001 160550
020 _a
040 _cMagnum
240 1 0 _aA bela adormecida
_lpor
245 1 0 _aA bela adormecida
300 _a9
440 1 _aFTD
697 _aLITERATURA INFANTO
942 _cBK
999 _c160550
_d160550